| 000 | 00714nam a2200253Ia 4500 | ||
|---|---|---|---|
| 003 | OSt | ||
| 005 | 20220924122124.0 | ||
| 006 | a|||||r|||| 00| 0 | ||
| 007 | ta | ||
| 008 | 220923b |||||||| |||| 00| 0 urd d | ||
| 020 | _a969125034X (hbk) | ||
| 020 | _c110.00 | ||
| 024 | _a319958 | ||
| 037 | _cTextual | ||
| 040 |
_aARTS _cARTS _burd |
||
| 041 |
_2urd _aurd |
||
| 082 | _aO44Q7vN, 168N2 | ||
| 100 |
_aAhsan Abdul Shakoor Au. _9188397 |
||
| 245 | 0 | _aPakistani adab | |
| 260 |
_aLahore _bIdara-e-tehqeeqat-e-Pakistan Pakistan _c1992 |
||
| 650 |
_aPAKISTANI LITERATURE _9188398 |
||
| 942 |
_hO44Q7vN, 168N2 _cTEXL _2CC |
||
| 999 |
_c410369 _d410369 |
||